| 000 | 00695nam a2200193 a 4500 | ||
|---|---|---|---|
| 005 | 20240910064036.0 | ||
| 008 | 040130s1988 mx r 000 0 spa d | ||
| 020 | _a9688421103 (v.1) | ||
| 020 | _a9688421111 (v.2) | ||
| 035 | _aUPN01000131625 | ||
| 049 | _aCG | ||
| 050 | 4 |
_aJF1355 _bA3.5 |
|
| 245 | 0 | 0 |
_aAdministración pública : _bmarco internacional : 1967-1987 / _ced. y notas Alejandro Carrillo Castro ; presentación Javier Pérez de Cuéllar ; pról. Gustavo Martínez Cabañas. |
| 260 |
_aMéxico : _bMiguel Angel Porrúa : _bONU, _c1988. |
||
| 300 | _a2 v. | ||
| 650 | 4 |
_aAdministración pública _9637 |
|
| 700 | 1 |
_aCarrillo Castro, Alejandro, _d1941- _eed. _935944 |
|
| 905 | _aLibro | ||
| 999 |
_c103780 _d103780 |
||